Maillot du PSG par saison - Statistiques

Statistiques générales
  • Ce quiz a été pris 116 fois
  • Le résultat moyen est 12 sur 17
Statistiques - réponses
Par images Réponse % Correct
2025/2026
97%
2021/2022
95%
2023/2024
95%
2024/2025
94%
2022/2023
90%
2013/2014
83%
2011/2012
81%
2015/2016
73%
2009/2010
70%
2017/2018
65%
2012/2013
61%
2018/2019
61%
2020/2021
60%
2010/2011
59%
2019/2020
55%
2014/2015
53%
2016/2017
53%
Aucun quiz correspondant
Distribution des résultats
% des personnes avec chaque résultat
Percentile par nombre de réponses
Votre historique - résultats
Vous n’avez pas pris ce quiz